Leadership: a trilogy on leadership and effective management (Record no. 343337)

000 -LEADER
fixed length control field 00391cam a22001337a 4500
008 - FIXED-LENGTH DATA ELEMENTS--GENERAL INFORMATION
fixed length control field 180718b1985 xxu||||| |||| 00| 0 eng d
082 ## - DEWEY DECIMAL CLASSIFICATION NUMBER
Classification number I51 D849
100 ## - MAIN ENTRY--PERSONAL NAME
Personal name D'Souza Anthony
245 ## - TITLE STATEMENT
Title Leadership: a trilogy on leadership and effective management
Statement of responsibility, etc. by Anthony D'Souza
260 ## - PUBLICATION, DISTRIBUTION, ETC.
Place of publication, distribution, etc. Bombay
Name of publisher, distributor, etc. Better Yourself Books
Date of publication, distribution, etc. 1985
300 ## - PHYSICAL DESCRIPTION
Extent 641p.
500 ## - GENERAL NOTE
General note 3v. in one
650 ## - SUBJECT ADDED ENTRY--TOPICAL TERM
Topical term or geographic name entry element Leadership
Holdings
Withdrawn status Lost status Damaged status Not for loan Permanent Location Current Location Date acquired Full call number Barcode Date last seen Price effective from Koha item type
        Indian Institute of Public Administration Indian Institute of Public Administration 1993-09-29 I51 D849 63615 2018-07-21 2018-07-21 Book

Powered by Koha